Score 0/50 Timer 12:00
0 Plays Today
Hint Answer % Correct
Afghanistan
100%
Armenia
100%
Azerbaijan
100%
Qatar
100%
Bahrain
75%
Bangladesh
75%
Bhutan
75%
Brunei
75%
Cambodia
75%
China
75%
Georgia
75%
India
75%
Indonesia
75%
Iran
75%
Iraq
75%
Israel
75%
Japan
75%
Jordan
75%
Kazakstan
75%
Kuwait
75%
Kyrgyzstan
75%
Laos
75%
Lebanon
75%
Malaysia
75%
Maldives
75%
Hint Answer % Correct
Mongolia
75%
Myanmar
75%
Nepal
75%
North Korea
75%
Oman
75%
Pakistan
75%
Palestine
75%
Philippines
75%
Russia
75%
Saudi Arabia
75%
South Korea
75%
Sri Lanka
75%
Syria
75%
Taiwan
75%
Tajikistan
75%
Thailand
75%
Turkey
75%
United Arab Emirates
75%
Turkmenistan
75%
Uzbekistan
75%
Vietnam
75%
Cyprus
50%
Singapore
50%
Timor Leste
50%
Yemen
50%
Remove Ads.
Support Sporcle.
Get the best of Sporcle when you Go Orange. This ad-free experience offers more features, more stats, and more fun while also helping to support Sporcle. Thank you for becoming a member.

You're not logged in!

Compare scores with friends on all Sporcle quizzes.
OR
Log In

Sporcle TV

Today on Sporcle TV


Watch our educational content, quiz creation guides, and fun videos on Sporcle TV.

Show Comments

Extras

Top Quizzes Today


Score Distribution

Paid Content

Your Account Isn't Verified!

In order to create a playlist on Sporcle, you need to verify the email address you used during registration. Go to your Sporcle Settings to finish the process.

Report this User

Report this user for behavior that violates our Community Guidelines.

Details: